STATISTICS FOR PEOPLE WHO THINK THEY HATE STATISTICS (Record no. 30001)
[ view plain ]
| 000 -LEADER | |
|---|---|
| fixed length control field | 00376nam a2200145Ia 4500 |
| 008 - FIXED-LENGTH DATA ELEMENTS--GENERAL INFORMATION | |
| fixed length control field | 240624s9999 xx 000 0 und d |
| 041 ## - LANGUAGE CODE | |
| Language code of text/sound track or separate title | eng |
| 082 ## - DEWEY DECIMAL CLASSIFICATION NUMBER | |
| Classification number | 519.5 SAL |
| 100 ## - MAIN ENTRY--PERSONAL NAME | |
| Personal name | SALKIND NEIL J |
| 245 ## - TITLE STATEMENT | |
| Title | STATISTICS FOR PEOPLE WHO THINK THEY HATE STATISTICS |
| 250 ## - EDITION STATEMENT | |
| Edition statement | (4th ed.) |
| 260 ## - PUBLICATION, DISTRIBUTION, ETC. | |
| Date of publication, distribution, etc. | 2017 |
| Place of publication, distribution, etc. | New Delhi |
| Name of publisher, distributor, etc. | Sage |
| 300 ## - PHYSICAL DESCRIPTION | |
| Extent | xxix, 512 p.; 23 cm. |
| 365 ## - TRADE PRICE | |
| Currency code | |
| Price amount | 32 |
| Withdrawn status | Lost status | Damaged status | Not for loan | Home library | Current library | Shelving location | Date acquired | Cost, normal purchase price | Full call number | Barcode | Date last seen | Copy number | Price effective from | Koha item type |
|---|---|---|---|---|---|---|---|---|---|---|---|---|---|---|
| IMTN | IMTN | Rack 19-A | 12/06/2017 | 90.00 | 519.5 SAL | 30001 | 06/24/2024 | 67.3 | 06/24/2024 | Books |